| 000 | 00416nam a2200145 i 4500 | ||
|---|---|---|---|
| 001 | 61772 | ||
| 003 | ES-MaACL | ||
| 007 | t| | ||
| 008 | 031113s1953 sp ||||1| spa d | ||
| 100 | 1 |
_aFarré, Luis. _948885 |
|
| 245 | 1 | 0 |
_aVida y pensamiento de Jorge Santayana / _cLuis Farrés. |
| 260 |
_aMadrid : _bVerdad y Vida, _c1953 ( _fImp. P. López) |
||
| 300 |
_a122 p. ; _c24 cm. |
||
| 852 |
_aES-MaACL _jC-5738 _bR.34460 |
||
| 999 |
_c61772 _d61772 |
||